Classification/Thesaurus for Sport and physical Recreation (and Allied topics) / (Record no. 193692)
[ view plain ]
| 000 -LEADER | |
|---|---|
| fixed length control field | 00530 a2200157 4500 |
| 003 - CONTROL NUMBER IDENTIFIER | |
| control field | NUST |
| 005 - DATE AND TIME OF LATEST TRANSACTION | |
| control field | 20221202184112.0 |
| 040 ## - CATALOGING SOURCE | |
| Transcribing agency | Nust |
| 082 ## - DEWEY DECIMAL CLASSIFICATION NUMBER | |
| Classification number | 025.467,SPO |
| 100 ## - MAIN ENTRY--PERSONAL NAME | |
| Personal name | Gilchrist ,Alan |
| 9 (RLIN) | 104060 |
| 245 ## - TITLE STATEMENT | |
| Title | Classification/Thesaurus for Sport and physical Recreation (and Allied topics) / |
| Statement of responsibility, etc. | Alan Gilchrist & Partners |
| Medium | The Sports Council |
| 260 ## - PUBLICATION, DISTRIBUTION, ETC. | |
| Place of publication, distribution, etc. | london |
| Name of publisher, distributor, etc. | the sports council |
| Date of publication, distribution, etc. | 1981 |
| 300 ## - PHYSICAL DESCRIPTION | |
| Extent | xii,185,p.: |
| 505 ## - FORMATTED CONTENTS NOTE | |
| Formatted contents note | Introduction (Page-1), Schedules (Page-3), Thesauras (Page-56). |
| 942 ## - ADDED ENTRY ELEMENTS (KOHA) | |
| Source of classification or shelving scheme | |
| Koha item type | Book |
| Call number prefix | 025.467,SPO |
| Withdrawn status | Lost status | Source of classification or shelving scheme | Damaged status | Not for loan | Permanent Location | Current Location | Shelving location | Date acquired | Full call number | Barcode | Date last seen | Price effective from | Koha item type | Public note |
|---|---|---|---|---|---|---|---|---|---|---|---|---|---|---|
| Military College of Signals (MCS) | Military College of Signals (MCS) | General Stacks | 12/12/2016 | 025.467,SPO | MCS3470 | 12/08/2016 | 12/12/2016 | Book | Almirah No.46, Shelf No.1 |
